Statistics for Quotes From Game of Thrones

Click here to take the quiz!

General Stats

  • This quiz has been taken 335 times
  • The average score is 4 of 15

Answer Stats

HintAnswer% Correct
When you play a . . . . of thrones you . . . or you . . .Game, Win, Die
91%
The things we . . . . destroy us every time, lad. Remember that.Love
58%
The man who . . . . . . the sentence should . . . . . the . . . . .Passes, Swing, Sword
52%
Why is it that when one . . . builds a . . . ., the next man immediately needs to know what's on the other . . . . ?Man, Wall, Side
45%
. . . . cuts deeper than . . . . . .Fear, Swords
43%
Death is so terribly . . . . . while life is full of . . . . . . . . . . . . .Final, Possibilities
26%
And I have a . . . . . . spot in my . . . . . for . . . . . . . . bastards and . . . . . . thingsTender, Heart, Cripples, Broken
12%
When the snows fall and the . . . . . winds blow, the lone . . . . dies but the . . . . survives.White, Wolf, Pack
12%
Most men would rather . . . . a hard truth than . . . . itDeny, Face
8%
Different . . . . . sometimes lead to the same . . . . . .Roads, Castle
3%
Life is not a . . . . sweetling, someday you may . . . . . that, to your . . . . . .Song, Learn, Sorrow
3%
Give me . . . . . . . . . enemies rather than . . . . . . . . . ones, and I'll . . . . . more easily by night.Honorable, Ambitious, Sleep
2%
Some old . . . . . . never truly heal and . . . . . again at the slightest . . . .Wounds, Bleed, Word
2%
Every . . . . . . begins with a . . . .Flight, Fall
1%
Nothing . . . . . like the . . . .Burns, Cold
0%

Score Distribution

Percentile by Number Answered

Percent of People with Each Score

Your Score History

You have not taken this quiz